Tilastot visalle Maat, jotka "tuottavat" eniten malleja

Klikkaa tästä pelataksesi tätä visaa!

Yleistilastot

  • Tätä visaa on pelattu 33 kertaa
  • Keskiarvotulos 14 / 20

Vastaustilastot

#Mallimaa% Oikein
1.Yhdysvallat
100%
6.Ruotsi
90%
7.Saksa
90%
6.Kanada
86%
10.Ranska
86%
3.Venäjä
86%
2.Brasilia
83%
4.Yhdistynyt kuningaskunta
79%
9.Norja
72%
8.Puola
72%
4.Tanska
69%
9.Australia
62%
2.Islanti
59%
1.Viro
59%
5.Latvia
55%
3.Liettua
55%
10.Tšekki
52%
7.Alankomaat
41%
5.Alankomaat
41%
8.Slovakia
38%

Tulosjakauma

Persentiili vastausten määrän mukaan

Jokaisen tuloksen saaneiden osuus

Tuloshistoriasi

Et ole pelannut tätä visaa